| 000 | 01168nam0a22002891 4500 | ||
|---|---|---|---|
| 001 | rc\2229117 | ||
| 005 | 20260407145304.0 | ||
| 035 | _a(NLR Aleph) 006709211 | ||
| 090 |
_a5325039 _c5325039 |
||
| 100 | _a20110829d1978 |||y0rusy50 ca | ||
| 101 | 0 | _arus | |
| 102 | _aRU | ||
| 105 | _aa z ||||| | ||
| 200 | 1 |
_aТехнология микробного синтеза _e[Сб. статей] _fАН ЛатвССР, Ин-т микробиологии им. Августа Кирхенштейна _g[Редкол.: к. б. н. М.Э. Дунце (отв. ред.) и др.] |
|
| 210 |
_aРига _cЗинатне _d1978 |
||
| 215 |
_a193 с. _cил. _d21 |
||
| 320 | _aСписки лит. в конце статей | ||
| 606 |
_aМикробиологический синтез _jСборники _2psbo |
||
| 702 | 1 |
_aДунце _bМ.Э. _4340 |
|
| 712 | 0 | 2 |
_aИнститут микробиологии им. А.Кирхенштейна _cРига _3RU\NLR\AUTH\8810021376 _9540707 |
| 801 | 0 |
_aRU _bNLR _gpsbo |
|
| 801 | 1 |
_aRU _bELAR _2rusmarc |
|
| 852 |
_aNLR _j78-5/4103 |
||
| 899 |
_aRuMoRGB _jБ 78-9/722 |
||
| 899 |
_aRuMoRGB _jБ 78-9/723 |
||
| 942 | _cBOOK | ||
| 980 | _aNB | ||